000 00509nam a22001697a 4500
003 OSt
005 20120302150454.0
008 090708t xxu||||| |||| 00| 0 eng d
035 _a६०४९
040 _cमराठी
100 _aचौधरी, बहिणाबाई
_97288
245 _aबहिणाबाईंची गाणी
250 _a८ वी
260 _aमुंबई
_bसुचित्रा
_c२००२
300 _b११३ पाने
942 _2ddc
_cBOOK
999 _c492230
_d492227